| 000 | 01112nam a22003497a 4500 | ||
|---|---|---|---|
| 003 | CHAP | ||
| 005 | 20220817041958.0 | ||
| 008 | 971013s1977 r 00010 d | ||
| 010 | _a30670 | ||
| 011 | _a31642 | ||
| 035 | _a35754 | ||
| 040 | _cCHAP | ||
| 090 | _aFolleto 6663 | ||
| 100 | 0 | 0 |
_aCortés del Moral, Rodolfo. _928344 |
| 245 | _aMétodo fialéctico | ||
| 260 |
_aMéxico : _bANUIES, _c1977 |
||
| 300 | _a130 p. | ||
| 490 | _aTemas básicos. Filosofía | ||
| 590 |
_aBATCH-UPD _b10 _c20130110 _lUCH01 _h0149 |
||
| 590 |
_aBATCH-UPD _b10 _c20130110 _lUCH01 _h1012 |
||
| 590 |
_aBATCH-UPD _b10 _c20130409 _lUCH01 _h2149 |
||
| 590 |
_aBATCH-UPD _b10 _c20130410 _lUCH01 _h0620 |
||
| 590 |
_aBATCH-UPD _b10 _c20130914 _lUCH01 _h1804 |
||
| 590 |
_aCONVERSION _b10 _c20130109 _lUCH01 _h1317 |
||
| 650 | 1 | 4 | _aMaterialismo dialéctico. |
| 830 | 0 |
_aTemas básicos. Filosofía _9112132 |
|
| 901 | _aBK | ||
| 942 | _cFOLL | ||
| 949 |
_aFolleto 6663 _bBC _cFOLL _d-82661 _eTS1 _i35754 _si |
||
| 949 |
_aFolleto 6663 _bBC _cFOLL _d-82664 _eTS2 _fc.2 _i35754 _si |
||
| 949 |
_aFolleto 6663 _bBC _cFOLL _d-82665 _eTS2 _fc.3 _i35754 _si |
||
| 999 |
_c30670 _d30670 |
||